Distribution par images - Un crime au Paradis - Statistiques

Statistiques générales
  • Ce quiz a été pris 44 fois
  • Le résultat moyen est 6 sur 9
Statistiques - réponses
Par images Hint Réponse % Correct
Joseph Braconnier Jacques Villeret
100%
Lucienne Braconnier Josiane Balasko
86%
Jacquard André Dussolier
78%
Goudilleux Dominique Lavanant
78%
Avocat général Daniel Prévost
76%
Jacques Ramirez Gérard Hernandez
62%
Roger Giovanelli Roland Magdane
54%
Blondeau Suzanne Flon
32%
Magali Giovanelli Valérie Mairesse
32%
Aucun quiz correspondant
Distribution des résultats
% des personnes avec chaque résultat
Percentile par nombre de réponses
Votre historique - résultats
Vous n’avez pas pris ce quiz